[Event "2nd Irena Warakomska Memorial-A"]
[Site "Suwalki"]
[Date "2018.08.08"]
[Round "9"]
[White "Budrewicz, Krzysztof"]
[Black "Yevseev, Denis"]
[Result "1/2-1/2"]
[WhiteElo "2203"]
[BlackElo "2513"]
[Annotator "TA"]
[PlyCount "152"]
[EventDate "2018.08.01"]
[EventType "swiss"]
[EventCountry "POL"]
[SourceTitle "playchess.com"]
[Source "ChessBase"]
[SourceQuality "1"]

{[%evp 20,152,-14,-15,-12,-14,-5,-22,-17,-18,0,0,0,0,0,0,35,22,37,47,42,0,0,0,0,-20,0,-73,-67,-59,-29,-31,-34,-29,-49,-49,-29,-29,-25,-29,-29,-48,-31,-60,-22,-28,-41,-38,40,23,33,0,0,-84,-47,-211,-223,-172,-29,-67,-57,-58,-56,-67,-57,-105,-100,-93,-92,-118,-44,-51,-48,-39,-37,-97,-110,-103,-111,-119,-119,-126,-119,-119,-119,-133,-126,-135,-90,-104,-90,-82,-70,-79,-15,-23,0,-81,-81,-81,-81,-81,-81,-81,-81,-90,-90,-90,-90,-90,-90,-90,-90,-90,-90,-90,-90,-90,-90,-90,-90,-90,0,-90,-90,-90,0,-90,0,-90,-8,-8,0,0,8]} 1. d4 d5 2. c4 c6 3. Nc3 Nf6 4. Nf3 e6 5. e3 Nbd7 6. b3 Bb4 7. Bd2 O-O 8. Qc2 Qe7 9. Be2 b6 10. O-O Bb7 11. Rfd1 {LiveBook: 3 Games. D45: Semi-Slav: 5 e3} (11. Rfc1 Rac8 12. Qd1 Rfd8 13. Qe1 dxc4 14. bxc4 c5 15. a3 Ba5 16. Nb1 Bxd2 17. Nbxd2 Ne4 18. Nxe4 Bxe4 {½-½ (56) Hayrapetyan,H (2474)-Pashikian,A (2594) Tsaghkadzor 2017}) 11... Rac8 12. a3 Bd6 13. e4 {e5 is the strong threat.} e5 $146 ({Predecessor:} 13... dxe4 14. Nxe4 Nxe4 15. Qxe4 f5 16. Qe3 c5 17. Bc3 Nf6 18. dxc5 Bxc5 {0-1 (70) Van Wieringen,C (2308)-Saidashev,A (2397) ICCF email 2014}) 14. Bg5 h6 15. Bh4 $1 Bb8 16. dxe5 Nxe5 17. Nd4 $1 dxc4 18. bxc4 Ng6 19. Nf5 Qe6 20. Nd4 Qe5 21. Bg3 Nf4 22. Bf1 Rfe8 23. f3 (23. Bxf4 $11 Qxf4 24. g3) 23... Rcd8 $17 24. Nde2 Nxe2+ (24... Qc5+ {keeps more tension.} 25. Kh1 Rxd1 26. Rxd1 Nxe2 27. Nxe2 Bxg3 28. Nxg3 Qxa3 29. Nf5 Bc8) 25. Nxe2 Qc5+ 26. Kh1 Rxd1 27. Qxd1 Bxg3 28. Nxg3 Bc8 29. Qa4 a5 30. Rd1 h5 31. Qb3 h4 $36 {[%mdl 2048] Black has some pressure.} 32. Ne2 h3 33. gxh3 b5 (33... Be6 $15 34. Nd4 Nh5) 34. cxb5 $14 cxb5 35. Nf4 a4 36. Qxb5 (36. Qd3 $11) 36... Qe3 $17 ({Much worse is} 36... Qxa3 $6 37. Bd3 $11) 37. Ne2 $2 (37. Nd5 $1 $15 Qxf3+ 38. Kg1) 37... Qxf3+ $19 38. Bg2 Qe3 (38... Qxa3 $19 39. e5 Qe3) 39. Ng3 {[#]} Bxh3 $1 {[%mdl 512]} 40. Qxa4 (40. Bxh3 Qf3+) 40... Bxg2+ 41. Kxg2 Rc8 {aiming for ...Ng4.} 42. e5 Qxe5 43. Qd4 Qe6 44. Rd2 Rc4 (44... Qc6+ $17 45. Kg1 Qc1+ 46. Rd1 Qxa3) 45. Qd8+ Kh7 {Strongly threatening ...Qc6+.} 46. Qd3+ g6 {Threatens to win with ...Rf4.} 47. Re2 ({White should play} 47. Qd6 $15) 47... Qc8 48. Qf3 Kg7 49. Ne4 Nxe4 50. Rxe4 $17 {[%mdl 4096] Endgame KQR-KQR} Rc3 51. Re3 Rc5 52. Qe4 Qd8 53. h4 Qd1 54. Rf3 Qd6 55. Qf4 Qd5 56. Kg3 {[#]} Rc6 (56... Qd7 $1 $17) 57. a4 $11 f5 {And now ...Rc4 would win.} 58. Re3 (58. Qe3 $11) 58... Rc4 $17 59. Qe5+ Qxe5+ 60. Rxe5 {KR-KR} Rg4+ 61. Kh3 Rxa4 62. Re3 Kh6 63. Rg3 Re4 64. Rg5 Re3+ 65. Kg2 Rb3 66. Kh2 Ra3 67. Kg2 Rd3 68. Kh2 Rd2+ 69. Kg3 Rd1 70. Kg2 Rd3 71. Kh2 $1 Rd4 72. Kg3 Rd3+ (72... Rc4 $17 73. Kh3 Rc3+ 74. Kh2 Rc4) 73. Kg2 (73. Kh2 $1 $11 {keeps the balance.}) 73... Rb3 74. Kh2 $1 f4 (74... Rb6 $17 {Hoping for ...Rb2+.} 75. Kh3 Rb1) 75. Kg2 $11 Rc3 76. Rg4 Rg3+ {Precision: White = 59%, Black = 49%.} 1/2-1/2

[Event "2nd Irena Warakomska Memorial-A"]
[Site "Suwalki"]
[Date "2018.08.08"]
[Round "9"]
[White "Kokoszczynski, Jan"]
[Black "Kashlinskaya, Alina"]
[Result "0-1"]
[WhiteElo "2187"]
[BlackElo "2440"]
[Annotator "TA"]
[PlyCount "106"]
[EventDate "2018.08.01"]
[EventType "swiss"]
[EventCountry "POL"]
[SourceTitle "playchess.com"]
[Source "ChessBase"]
[SourceQuality "1"]

{[%evp 21,106,15,14,16,11,12,20,0,15,18,20,0,0,0,9,0,41,0,23,18,21,18,25,-113,-97,-106,-100,-112,-106,-95,-102,-100,-101,-120,-6,-8,-12,-163,-174,-197,-197,-197,-197,-197,-200,-187,-196,-218,-211,-232,-232,-232,-232,-232,-232,-225,-223,-463,-463,-463,-433,-12821,-12821,-12838,-12831,-12831,-12831,-12832,-12832,-12833,-12833,-12833,-12831,-12831,-12831,-12832,-12832,-12833,-12833,-12833,-12833,-12837,-12837,-12837,-12838,-12838,-12834]} 1. e4 e6 2. d4 d5 3. Nd2 c5 4. exd5 exd5 5. Ngf3 Nc6 6. Bb5 Qe7+ 7. Be2 Qc7 {C09: French Tarrasch: 3...c5 4 exd5 exd5 5 Ngf3 Nc6} 8. O-O Nf6 9. Re1 (9. Bb5 cxd4 10. Re1+ Be7 11. Qe2 a6 12. Bxc6+ bxc6 13. Nxd4 Ra7 14. Qe5 c5 15. Nf5 Qxe5 16. Rxe5 Bxf5 17. Rxf5 {½-½ (41) Mamedov,R (2678)-Harikrishna,P (2733) Antalya 2017}) 9... Be6 10. dxc5 Bxc5 11. Nb3 Bb6 {LiveBook: 4 Games} 12. c3 O-O 13. Nbd4 Rae8 14. h3 a6 $146 ({Predecessor:} 14... Bc8 15. Be3 {0-1 (27) Grodzensky,S (2490)-Koltsov,V (2479) USSR 1987}) 15. Bd3 Bc8 16. Rxe8 Rxe8 17. Be3 Ba7 18. Qc2 Ne4 19. c4 Nb4 20. Qa4 {[%cal Ra4e8]} Qe7 21. Bf1 dxc4 22. Qd1 (22. Bxc4 $11 {remains equal.} Bc5 23. Nf5 Bxf5 24. Bxc5 Nxc5 25. Qxb4) 22... b5 23. a3 Bxd4 24. Bxd4 Nc6 25. Be3 h6 26. a4 Rd8 $36 {[%mdl 2048] Keeping White busy.} 27. Qc1 Nc5 (27... Qf6 $17 {White should prevent ...Bxh3!} 28. axb5 axb5) 28. axb5 axb5 {[#] And now ...Nb3 would win.} 29. Qc3 $2 (29. Bxc4 $1 $11 {[%mdl 512] and White has nothing to worry.} bxc4 30. Qxc4) 29... Na4 $19 30. Rxa4 bxa4 31. Qxc4 Ne5 32. Nxe5 Qxe5 33. Qxa4 Qxb2 34. Bc4 Bb7 35. Qb3 Qa1+ 36. Kh2 Qe5+ 37. Kg1 Bd5 38. Bxd5 Rxd5 {[%mdl 4096] Endgame KQR-KQB} 39. Qc2 $2 (39. Bf4 Qe4 40. Qb8+ Kh7 41. Kh2) 39... Ra5 {...Ra1+ is the strong threat.Black is clearly winning.} 40. Qc8+ Kh7 41. Qc2+ (41. g4 $142 Qe4 42. Kh2) 41... f5 42. Bc1 Ra1 43. g3 Qe1+ 44. Kg2 Rxc1 {[%csl Gc1][%cal Re1h1]} 45. Qxf5+ Kg8 {[%csl Gc1][%cal Re1h1]} 46. Qd5+ Kh8 {[%csl Gc1][%cal Re1h1]} 47. Qd8+ Kh7 {[%csl Gc1][%cal Re1h1]} 48. Qd3+ g6 {[%csl Gc1][%cal Re1h1]} 49. Qd7+ {[#]} Kg8 $1 {[%csl Gc1][%cal Re1h1]} 50. Qd5+ Kf8 {[%csl Gc1][%cal Re1h1]} 51. Qd6+ Kf7 {[%csl Gc1][%cal Re1h1]} 52. Qd5+ Qe6 53. Qb7+ Ke8 {Precision: White = 38%, Black = 62%.} 0-1

[Event "2nd Irena Warakomska Memorial-A"]
[Site "Suwalki"]
[Date "2018.08.08"]
[Round "9"]
[White "Dzhuguryan, Tygran"]
[Black "Szostko, Jakub"]
[Result "1-0"]
[WhiteElo "2179"]
[BlackElo "2299"]
[Annotator "TA"]
[PlyCount "89"]
[EventDate "2018.08.01"]
[EventType "swiss"]
[EventCountry "POL"]
[SourceTitle "playchess.com"]
[Source "ChessBase"]
[SourceQuality "1"]

{[%evp 24,89,100,88,117,116,113,110,120,123,143,147,210,227,211,225,272,267,266,267,274,273,275,272,277,243,255,222,269,256,381,246,622,605,618,618,637,617,623,612,572,543,544,543,537,433,537,532,517,472,516,506,545,523,607,521,879,864,855,829,810,789,1183,836,846,810,945,929]} 1. d4 Nf6 2. c4 g6 3. Nc3 Bg7 4. e4 d6 5. h3 O-O 6. Be3 c5 7. d5 e6 8. Bd3 exd5 9. cxd5 a6 10. a4 {[%cal Ba2a4,Ba4a5][%mdl 32]} Re8 11. Nf3 Nbd7 12. O-O c4 13. Bc2 {LiveBook: 16 Partien} ({Natürlich nicht} 13. Bxc4 Nxe4 14. Nxe4 Rxe4 $11) 13... Rb8 {A70: Benoni (Hauptsystem)} 14. a5 Qc7 15. Ba7 $146 ({Vorgänger:} 15. Qe2 b5 16. axb6 Nxb6 17. Ra2 h6 18. Qd2 Kh7 19. Nd4 Bb7 20. Rd1 Nbd7 21. f3 {1-0 (39) Ivanov,M (2489)-Calzetta Ruiz,M (2264) Chambery 2008}) 15... Ra8 {Weiß steht besser.} 16. Bd4 Nc5 17. Re1 Nh5 (17... Bd7 $16 18. e5 dxe5 19. Bxe5 Qd8) 18. Bxg7 $18 Nxg7 19. Qd4 Nb3 20. Bxb3 $1 cxb3 21. Na4 Bd7 22. Nb6 Rab8 23. Rac1 Qd8 24. Rc3 Bb5 25. Rxb3 Nh5 26. Rbe3 Nf4 (26... Qf6 {war einen Versuch wert.} 27. g4 Qxd4 28. Nxd4 Nf6) 27. Kh2 Nd3 $2 {[#]} (27... Nh5 28. g3 Qe7) 28. Rxd3 {Weiß steht klar auf Gewinn.} Bxd3 29. Qxd3 Qc7 30. b4 Rbd8 31. Qd2 Qe7 32. Qf4 Qf8 33. Qf6 Qg7 34. Qxg7+ Kxg7 35. Nd4 Re7 36. Kg3 Rde8 37. Kf4 Kf6 38. h4 h6 39. g4 g5+ 40. hxg5+ hxg5+ 41. Kf3 Rc7 42. Nf5 Ke5 43. Ne3 Rd8 44. Nbc4+ Kf6 45. Rh1 {Precision: Weiß = 86%, Schwarz = 22%.} 1-0

[Event "2nd Irena Warakomska Memorial-A"]
[Site "Suwalki"]
[Date "2018.08.08"]
[Round "9"]
[White "Lewtak, Dominik"]
[Black "Tomaszewski, Roman"]
[Result "1-0"]
[WhiteElo "2177"]
[BlackElo "2258"]
[Annotator "TA"]
[PlyCount "97"]
[EventDate "2018.08.01"]
[EventType "swiss"]
[EventCountry "POL"]
[SourceTitle "playchess.com"]
[Source "ChessBase"]
[SourceQuality "1"]

{[%evp 19,97,17,53,0,0,-25,-17,-21,10,12,35,-23,-22,-29,-20,-65,-54,-60,-14,-8,-22,-26,8,19,0,0,0,-35,-32,-82,0,-63,-27,-90,-70,-114,-119,-125,-65,-94,-76,-126,-115,-150,-119,-326,-103,-365,-142,-178,-179,-181,0,-18,26,46,53,37,179,185,147,153,173,174,179,166,225,180,165,173,251,262,352,305,535,486,1083,1056,1090,1073]} 1. c4 Nf6 2. Nf3 g6 3. d4 Bg7 4. Nc3 d5 5. cxd5 Nxd5 6. e4 Nxc3 7. bxc3 c5 8. Be3 Qa5 9. Qd2 O-O 10. Rc1 e6 {LiveBook: 58 Games} 11. dxc5 $146 {D85: Exchange Grünfeld: Unusual White 7th moves and lines with 7 Nf3} (11. Bh6 $14) ({Predecessor:} 11. Be2 Rd8 12. Bg5 Re8 13. O-O Nc6 14. Rfd1 cxd4 15. cxd4 Qxd2 16. Rxd2 Bd7 17. Rb1 b6 18. Ba6 e5 19. dxe5 {1-0 (19) Carlsen,M (2801)-Mamedyarov,S (2719) Moscow 2009}) 11... Nd7 {[%cal Bb8d7,Bd7f6,Bf6e4][%mdl 32]} 12. c6 bxc6 13. Be2 {The position is equal.} Re8 14. O-O Nf6 15. Nd4 ({White should try} 15. Qc2 $14) 15... Nxe4 $11 16. Qc2 Nd6 17. Nxc6 Qc7 $1 18. Nd4 a6 19. c4 e5 20. Nb3 Bf5 21. Qd2 a5 22. a4 Ne4 23. Qe1 Reb8 24. Bd1 Be6 (24... Rb4 $17 25. c5 Rab8) 25. f3 (25. Bf3 $11 Rxb3 26. Bxe4) 25... Nd6 26. Nd2 (26. Nc5 $11 {remains equal.}) 26... Nf5 (26... Nxc4 $6 27. Nxc4 Bxc4 28. Rf2 $11) 27. Bf2 Rb2 $36 {[%mdl 2048] Black has strong initiative.} 28. Ne4 Bh6 (28... Bxc4 29. Be2 $1 $15 {[%mdl 512]}) ({Black should play} 28... Rd8 $17 {Threatens to win with ...Bh6.} 29. Qc3 Rb4) 29. Rc3 $15 Rd8 30. g4 Nd4 31. Bg3 Nc6 32. c5 $2 (32. Nf6+ $17 Kg7 33. Nd5 $1 {[%mdl 512]} Bxd5 34. cxd5 Rxd5 35. Rxc6 $1 {[%mdl 512]} Qxc6 36. Bxe5+ Rxe5 37. Qxe5+ Qf6 38. Qxf6+ Kxf6 39. f4) 32... Rd4 $2 (32... Bd2 $19 33. Nxd2 Rdxd2) 33. Bf2 $2 {[%mdl 8192]} (33. g5 $17 {might work better.} Bg7 34. Qe3) 33... Qd8 $2 (33... Bd2 $1 $19 {[%cal Rd2e1] has better winning chances.} 34. Nxd2 Rdxd2) 34. Bxd4 Qxd4+ 35. Kh1 Bf4 $2 (35... Bd2 $1 $19 {[%cal Rd2e1]} 36. Nxd2 Qxc3) 36. Rc2 Rb1 {And now ...Bb3 would win.} 37. Nc3 $1 {[%cal Rc3b1]} Ra1 {...Bb3 is the strong threat.} 38. Ne2 Qxa4 (38... Qb4 $14) 39. Rc1 $1 $18 Qa3 40. Rxa1 Qxa1 41. Nxf4 exf4 42. Qe4 $1 {[%csl LRc6,LRf4]} Ne7 (42... Ne5 $142 43. Re1 (43. Qxf4 Qc3 $16) 43... Nc4 44. Qxf4 Qc3) 43. Qd3 {aiming for Qd8+.} ({Don't take} 43. Qxf4 $6 Qc3 $16) 43... Nc6 {[#]} 44. Bc2 $1 Qa2 {[#]} (44... Qe5 $142) 45. Qc3 $1 Nd4 46. Be4 Qe2 $2 (46... Nb5 47. Qe5 Qe2) 47. Re1 {White is clearly winning.} Qf2 (47... Qc4 $142 48. Qxc4 (48. Qxa5 Nb3 $18) 48... Bxc4) 48. Rd1 Bxg4 49. fxg4 {Precision: White = 43%, Black = 23%.} 1-0

[Event "2nd Irena Warakomska Memorial-A"]
[Site "Suwalki"]
[Date "2018.08.08"]
[Round "9"]
[White "Paprocki, Jaroslaw"]
[Black "Zaika, Daniil"]
[Result "1/2-1/2"]
[WhiteElo "2177"]
[BlackElo "2213"]
[Annotator "TA"]
[PlyCount "43"]
[EventDate "2018.08.01"]
[EventType "swiss"]
[EventCountry "POL"]
[SourceTitle "playchess.com"]
[Source "ChessBase"]
[SourceQuality "1"]

{[%evp 17,43,-2,25,-10,0,-35,-40,-39,-21,-37,0,-40,0,-48,-29,-33,-10,0,-27,-116,12,9,12,12,3,6,5,15]} 1. e4 c5 2. Nf3 d6 3. d4 cxd4 4. Nxd4 Nf6 5. Nc3 a6 6. Bg5 Nbd7 7. f4 Qc7 8. Qd2 e6 9. O-O-O Be7 {LiveBook: 21 Games} 10. f5 {B95: Sicilian Najdorf: 6 Bg5 e6, unusual White 7th moves} (10. g4 h6 11. Bxf6 Nxf6 12. Rg1 b5 13. a3 Bb7 14. Bg2 Nd7 15. Ndxb5 axb5 16. Nxb5 Qb6 17. Nxd6+ Bxd6 18. Qxd6 Qxd6 19. Rxd6 {0-1 (37) Solovjov,S (2367)-Khismatullin,D (2681) St Petersburg 2014}) 10... Ne5 11. Qe1 $146 ({Predecessor:} 11. Nf3 b5 12. Bxf6 gxf6 13. a3 Rb8 14. fxe6 fxe6 15. Nxe5 fxe5 16. Qh6 Rg8 17. Qh5+ Rg6 {1-0 (17) Zhelnin,V (2480)-Ditiatev,S (2385) Kaluga 2003}) 11... b5 12. a3 {Black is slightly better.} Bd7 13. Be2 Rc8 14. Kb1 Qb7 15. Bf3 (15. g4 $5) 15... b4 16. axb4 Qxb4 17. fxe6 fxe6 18. Nb3 (18. Bxf6 $11 Bxf6 19. Nd5 Qxe1 20. Nxf6+ gxf6 21. Rhxe1) 18... O-O (18... a5 $17 {And now ...a4 would win.} 19. Be2 O-O) 19. Nd5 $1 $11 {[%cal Rd5e7] The position is equal.} Qxe1 $1 ({Don't play} 19... Nxd5 $6 20. Qxb4 Nxb4 21. Bxe7 $16) 20. Nxe7+ Kf7 21. Rhxe1 Kxe7 22. Be2 {Precision: White = 32%, Black = 18%.} 1/2-1/2

[Event "2nd Irena Warakomska Memorial-A"]
[Site "Suwalki"]
[Date "2018.08.08"]
[Round "9"]
[White "Popiol, Michal"]
[Black "Mulet, Piotr"]
[Result "1-0"]
[WhiteElo "2164"]
[BlackElo "2238"]
[Annotator "TA"]
[PlyCount "46"]
[EventDate "2018.08.01"]
[EventType "swiss"]
[EventCountry "POL"]
[SourceTitle "playchess.com"]
[Source "ChessBase"]
[SourceQuality "1"]

{[%evp 9,46,12,35,-20,114,121,247,244,223,231,248,225,254,233,266,275,367,379,389,381,435,408,397,429,408,409,452,377,515,468,487,375,437,410,383,231,570,569,925]} 1. d4 Nf6 2. c4 g6 3. Nc3 d5 4. cxd5 Nxd5 5. Na4 Bf5 {LiveBook: 9 Games. And now ...Nb4 would win.} (5... e5 6. dxe5 Nc6 7. a3 Nxe5 8. e4 Nb6 9. Qxd8+ Kxd8 10. Bg5+ Be7 11. O-O-O+ Ke8 12. Bxe7 Kxe7 13. Nc5 Nbd7 14. Nxd7 Nxd7 {½-½ (39) Vachier Lagrave,M (2765)-Caruana,F (2802) Shamkir 2015 CBM 166 [Havasi,G]}) 6. Nc5 {D85: Exchange Grünfeld: Unusual White 7th moves and lines with 7 Nf3} ({Better is} 6. f3 $14) 6... e5 $146 {[#]} (6... b6 $11 7. e4 bxc5 8. exf5 gxf5) ({Predecessor:} 6... Bc8 7. e4 Nb6 8. Be3 Bg7 9. Nf3 O-O 10. Be2 a5 11. O-O N6d7 12. Qc2 Nxc5 13. Qxc5 {1-0 (38) Tsvetkov,A (2244)-Mikhailov,D (2144) Sochi 2017}) 7. e4 $1 $16 {[%cal Re4f5]} b6 (7... Qe7 $16) 8. exf5 $18 {White is clearly better.} bxc5 9. dxe5 {[%cal Bd4e5,Be5e6][%mdl 32]} c6 10. Nf3 gxf5 11. Bd3 f4 12. O-O Nd7 13. Re1 N7b6 14. e6 f6 15. Nh4 {[#] Threatening mate with Qh5+.} Qc7 16. Qh5+ Kd8 17. Bd2 c4 18. Bf5 Qe7 19. Rad1 Kc7 20. Bb1 Qe8 21. Qf3 Bd6 22. Ba5 Kb7 $2 (22... Be5 23. Nf5 Qxe6) 23. Nf5 Be5 {Precision: White = 64%, Black = 34%.} 1-0

[Event "2nd Irena Warakomska Memorial-A"]
[Site "Suwalki"]
[Date "2018.08.08"]
[Round "9"]
[White "Zielinski, Wojciech"]
[Black "Zgadzaj, Rafal"]
[Result "1-0"]
[WhiteElo "2157"]
[BlackElo "2154"]
[Annotator "TA"]
[PlyCount "117"]
[EventDate "2018.08.01"]
[EventType "swiss"]
[EventCountry "POL"]
[SourceTitle "playchess.com"]
[Source "ChessBase"]
[SourceQuality "1"]

{[%evp 9,117,31,50,7,29,0,0,-29,46,0,87,53,71,37,58,58,55,54,76,73,95,101,148,145,162,160,180,179,179,180,192,179,178,141,176,171,196,212,202,209,208,198,196,198,351,230,413,412,411,403,409,400,526,526,886,874,852,252,232,246,216,198,194,185,183,171,171,160,194,193,186,168,191,184,179,154,196,198,195,181,189,175,175,175,181,171,211,187,187,187,187,187,187,195,433,425,579,569,431,430,425,385,29979,29980,29977,29979,29997,29998,29998,29999]} 1. e4 d6 2. d4 Nf6 3. Bd3 g6 4. f4 Bg7 5. Nf3 O-O {LiveBook: 23 Games} 6. Qe2 {B07: Pirc Defence: Miscellaneous Systems} (6. O-O c5 7. dxc5 Nbd7 8. cxd6 exd6 9. Nc3 b5 10. Nxb5 Qb6+ 11. Kh1 Bb7 12. Nc3 Nc5 13. f5 Nfxe4 14. Nxe4 Nxe4 {0-1 (70) Predke,A (2601)-Dubov,D (2677) Moscow 2017}) 6... Na6 7. c3 c5 8. a3 $146 {The position is equal.} ({Predecessor:} 8. Bxa6 bxa6 9. dxc5 dxc5 10. O-O Qc7 11. e5 Nd5 12. Rd1 Nb6 13. Be3 f6 14. Nbd2 fxe5 15. fxe5 {0-1 (47) Meyer,G (1947)-Zuehlke,B (2173) Fuerth 2001}) 8... Nb8 ({Black should try} 8... cxd4 $11 9. cxd4 e5) 9. O-O Nh5 (9... cxd4 $1 $11 10. cxd4 Nc6) 10. Be3 Bg4 11. Qf2 Bxf3 12. Qxf3 ({Reject} 12. gxf3 $6 Bh6 $11) 12... cxd4 13. cxd4 Nc6 14. g4 $36 {[%mdl 2048] White has strong initiative.} Nf6 {[#]} 15. d5 $1 {[%cal Rd5c6]} Na5 16. Nd2 {Black must now prevent b4.} Qd7 17. h3 {And now b4 would win.} b6 18. b4 Nb7 19. a4 Rac8 20. Bb5 {[%cal Bd3b5,Bb5c6,Bc6b7][%mdl 32]} Qc7 21. Bc6 e6 22. Rac1 Qe7 23. dxe6 fxe6 24. e5 dxe5 {[#] ...Nd8 is the strong threat.} 25. Bxb7 Rxc1 26. Rxc1 {[%cal Bf1c1,Bc1c4,Bc4c8][%mdl 32]} Qxb4 $2 (26... exf4 {was necessary.} 27. Bxf4 Ne8) 27. Rc4 Qb2 $2 (27... Qe7 28. Rc8 exf4) 28. Qc6 $18 exf4 29. Qxe6+ Kh8 30. Bxf4 Re8 31. Rc8 Qa1+ 32. Nf1 Qxa4 33. Be3 $2 (33. g5 Rxc8 34. gxf6 (34. Bxc8 Qxf4 35. gxf6 Bxf6 $11) 34... Qd4+ 35. Be3 Qxf6 36. Qxc8+ Qf8 37. Qc7) 33... Rxc8 34. Qxc8+ Qe8 35. Qxe8+ Nxe8 36. Bd5 Nc7 37. Bb3 Nb5 38. Nd2 Nd4 39. Bd5 Nc2 40. Bf4 Bd4+ 41. Kh2 Kg7 42. Bb8 {aiming for Be4.} Ne3 43. Bb3 b5 44. Nf3 Bb6 45. Be5+ Kf8 46. Bd4 Bxd4 47. Nxd4 Nf1+ 48. Kg2 Nd2 49. Bd5 Nc4 {With the idea ...Ne3+.} 50. Kf3 Nd6 51. Kf4 a5 $2 (51... Kg7 {keeps fighting.} 52. Ke5 Nc4+ 53. Bxc4 bxc4 54. Ne6+ Kf7 55. Ng5+ Ke7) 52. Ke5 Nc4+ 53. Kf6 {Threatening mate with Bf7.} Nb6 54. Be6 b4 55. Nc6 Nd7+ $2 (55... Na4 $18 56. Nxa5 Nc3) 56. Bxd7 {White mates.} b3 57. Be6 a4 58. Bf7 b2 59. Ne5 {Precision: White = 72%, Black = 44%.} 1-0

[Event "2nd Irena Warakomska Memorial-A"]
[Site "Suwalki"]
[Date "2018.08.08"]
[Round "9"]
[White "Ocytko, Andrzej"]
[Black "Bukojemski, Adam"]
[Result "0-1"]
[WhiteElo "2155"]
[BlackElo "2233"]
[Annotator "TA"]
[PlyCount "132"]
[EventDate "2018.08.01"]
[EventType "swiss"]
[EventCountry "POL"]
[SourceTitle "playchess.com"]
[Source "ChessBase"]
[SourceQuality "1"]

{[%evp 23,132,16,34,20,29,25,29,37,33,36,75,92,72,37,51,44,62,72,63,-28,-25,-24,-24,-25,-25,-25,-25,-26,-31,-62,-37,-178,-63,-60,111,115,113,132,125,19,31,-29,-30,-37,123,117,118,-48,-49,-52,0,-3,0,-39,-48,-45,-28,-54,-46,-51,-43,-62,-37,-166,-109,-113,-87,-87,-92,-154,-99,-104,-91,-91,-91,-92,-107,-220,-188,-180,-183,-182,-175,-156,-154,-254,-254,-250,-230,-580,-551,-555,-554,-603,-603,-603,-603,-603,-577,-461,-461,-5405,-5405,-29962,-29964,-29966,-29966,-29971,-29974,-29976,-29975]} 1. e4 c5 2. Nf3 e6 3. d4 cxd4 4. Nxd4 Nc6 5. Nb5 d6 6. c4 a6 7. N5c3 Nf6 8. Be2 {B44: Sicilian: Taimanov: 5 Nb5} b6 9. Be3 Bb7 10. O-O Rc8 11. f3 Be7 12. Na3 O-O {LiveBook: 8 Games} 13. Qb3 Nd7 14. Rfd1 Qc7 15. Rac1 Nc5 $146 ({Predecessor:} 15... Qb8 16. Rd2 Bd8 17. Qd1 Bc7 18. Kh1 Nf6 19. Qg1 Ba8 20. Na4 Nd7 21. Rcd1 {½-½ (60) Yermolinsky,A (2568)-Kraai,J (2425) San Diego 2004}) 16. Qc2 f5 17. exf5 Rxf5 18. Qd2 (18. Nd5 $5 Qb8 19. Nxb6 $14 (19. Nxe7+ Nxe7 20. b4 Nd7 $16)) 18... Rd8 19. Nc2 {Threatens to win with b4.} d5 20. cxd5 exd5 21. g4 (21. Qe1 $14) 21... Rf7 $1 $11 22. Nxd5 Rxd5 23. Qxd5 Ne5 24. Qd2 {Nd4 is the strong threat.} Nxf3+ 25. Bxf3 Rxf3 26. Nd4 Rg3+ $1 27. Kf1 ({Better is} 27. hxg3 $15 Qxg3+ 28. Kf1) 27... Rxg4 (27... Rg2 $1 $19 28. Qxg2 Bxg2+ 29. Kxg2 Qe5) 28. Nf5 $1 $15 {aiming for b4.} Bf6 $2 (28... Bf8 $1 $15 29. Ng3 Rg6 30. Bxc5 bxc5) 29. Qd6 $1 $36 {[%cal Rd6c7][%mdl 2048] Black is under strong pressure.} Bg2+ 30. Ke1 Qxd6 31. Nxd6 (31. Rxd6 $16 Bxb2 32. Rc2) 31... Bxb2 32. Rb1 (32. Rc2 $14 Ba3 33. Nc8) 32... Na4 $11 33. Bxb6 Rb4 $2 {[#]} (33... h5 $15 {keeps the upper hand.}) 34. Bd4 $1 $16 {[%mdl 512]} Bf3 {[#]} (34... Bxd4 35. Rxb4) 35. Rxb2 $2 (35. Rdc1 $1 $16 {[%cal Rc1c8][%mdl 512]} h6 (35... Bxc1 36. Rxb4) 36. Bxb2 Nxb2 37. Kf1) 35... Nxb2 $15 36. Rd2 Na4 37. Kf2 Bd5 (37... Bg4 {seems wilder.} 38. Ne8 Kf7 39. Nxg7 Nb6 40. Kg3 Bc8) 38. Ne8 {[#]} Bxa2 $1 {[%mdl 512]} 39. Nxg7 (39. Rxa2 Rxd4) 39... Bb1 40. Nh5 Kf7 41. Nf4 Nb6 42. Kg3 a5 43. Ba1 ({White should try} 43. Bxb6 $15 Rxb6 44. Rd7+ Ke8 45. Ra7) 43... Be4 (43... a4 $19 44. Rf2 Rb3+ 45. Kg4 a3 46. Nd5+ Ke8 47. Nxb6 Rxb6) 44. Rd6 $17 Ke7 45. Re6+ Kd7 46. Be5 {[#]} (46. Bg7 $142) 46... Nc4 ({Black should play} 46... a4 $1 47. Kh4 a3) 47. Bd4 Nd6 48. Bc5 Nf5+ 49. Kg4 Rc4 {Hoping for ...h5+!} 50. Bb6 (50. Rxe4 $17 Rxc5 51. Nd3) 50... Nd6 {And now ...Bf5+ would win.} 51. Re5 a4 52. Ra5 Bc2 53. Be3 Re4 54. Bc1 (54. Bf2 $17) 54... Nc4 $19 55. Ra7+ Kc6 56. Kf3 $2 (56. Ra6+ {nothing else works.} Kb5 57. Re6) 56... Kb6 57. Re7 Rxe7 58. Nd5+ Kc5 59. Nxe7 a3 60. Bxa3+ Nxa3 {[%mdl 4096] Endgame} 61. Ng8 Kd6 62. Nf6 (62. Nh6 $142) 62... Ke6 63. Nxh7 Bxh7 {Black mates.} 64. h4 Nc4 65. h5 Kf6 66. h6 Bc2 {Precision: White = 32%, Black = 59%.} 0-1